Η άνοδος της δημοκρατίας

Αποθηκεύτηκε σε:
Λεπτομέρειες βιβλιογραφικής εγγραφής
Κύριος συγγραφέας: Gauchet, Marcel
Άλλοι συγγραφείς: Κιουπκιολής, Αλέξανδρος (Μεταφραστής)
Μορφή: Βιβλίο
Γλώσσα:Greek
French
Δημοσίευση: Αθήνα : Πόλις, 2009.
Θέματα:
Ετικέτες: Προσθήκη ετικέτας
Δεν υπάρχουν, Καταχωρήστε ετικέτα πρώτοι!

MARC

LEADER 00000cam a2200000 i 4500
001 1/45441
008 140404s2009 gr | ||| |||| ||gre||
020 |a 9789604352487 
035 |l 10117303 
040 |a GR-MyUA  |b gre  |e AACR2 
041 1 |a gre  |h fre 
082 0 |a 321.8  |2 (23) 
100 1 |a Gauchet, Marcel. 
245 1 2 |a Η άνοδος της δημοκρατίας /   |c Marcel Gauchet ; μετάφραση Αλέξανδρος Κιουπκιολής.  
260 |a Αθήνα :   |b Πόλις,   |c 2009.  
300 |a 456 σ. ;   |c 24 εκ.  
500 |a Οι δύο πρώτοι τόμοι δημοσιεύονται μαζί 
500 |a Τίτλος πρωτοτύπου: L' avenement de la democratie.  
504 |a Περιέχει βιβλιογραφικές παραπομπές.  
505 0 |a τ. 1. Η επανάσταση των νεότερων χρόνων -- τ. 2. Η κρίση του φιλελευθερισμού (1880-1914).  
650 0 0 |a Democracy  |x History. 
650 0 0 |a Democracy  |x Philosophy. 
650 0 0 |a Liberalism  |x History. 
700 1 |a Κιουπκιολής, Αλέξανδρος,  |e trl 
852 |a INST  |b LESVOS  |e 20140404  |h 321.8 GAU  |p 005100053954  |q 005100053954  |t BK  |y 0 
901 |a BIBL1-2014-1 
909 |a Λ  |b 177270 
922 |a 1ΕΛΗ  |b 201306  |c ΤΜΗΜΑ ΚΟΙΝΩΝΙΚΗΣ ΑΝΘΡΩΠΟΛΟΓΙΑΣ ΚΑΙ ΙΣΤΟΡΙΑΣ  |d ΙΩΑΝΝΙΔΟΥ 
970 |a ΤΖΑΦΕΡΗ  |b ΕΥΑΓΓΕΛΙΑ  |z 2014/04/04